00000000nam 2200000zi 4500
0019.922205
003CaOODSP
00520230503113826
006m     o  d f      
007cr mn|||||||||
008230503e202304  onca    ob   f000 0 eng d
040 |aCaOODSP|beng|erda|cCaOODSP
043 |an-cn---
0861 |aYC24-0/441-12E-PDF
1101 |aCanada. |bParliament. |bSenate. |bStanding Committee on Legal and Constitutional Affairs, |eauthor, |eissuing body.
24510|aSelf-induced extreme intoxication and section 33.1 of the Criminal Code : |breport of the Standing Senate Committee on Legal and Constitutional Affairs / |cthe Honourable Brent Cotter, chair, the Honourable Pierre-Hugues Boisvenu, deputy chair, the Honourable Pierre J. Dalphond, member of steering committee, the Honourable Dennis Glen Patterson, member of steering committee.
264 1|aOttawa, Ontario, Canada : |bSenate, Canada = Sénat, Canada, |cApril 2023.
300 |a1 online resource (48 pages) : |bcolour illustrations.
336 |atext|btxt|2rdacontent
337 |acomputer|bc|2rdamedia
338 |aonline resource|bcr|2rdacarrier
4901 |aReport of the Standing Senate Committee on Legal and Constitutional Affairs ; |v[12th report, 44th Parliament, 1st Session]
500 |aIssued also in French under title: L'intoxication volontaire extrême et l'article 33.1 du Code criminel : rapport du Comité sénatorial permanent des affaires juridiques et constitutionnelles.
504 |aIncludes bibliographical references.
61010|aCanada. |tCriminal Code.
650 0|aDrunkenness (Crime)|xLaw and legislation|zCanada.
650 0|aViolent crimes|xLaw and legislation|zCanada.
7001 |aCotter, W. Brent |q(William Brent), |d1949-
77508|tL'intoxication volontaire extrême et l'article 33.1 du Code criminel : |w(CaOODSP)9.922206
830#0|aReport of the Standing Senate Committee on Legal and Constitutional Affairs ;|v12th report, 44th Parliament, 1st Session.|w(CaOODSP)9.506411
85640|qPDF|s874 KB|uhttps://publications.gc.ca/collections/collection_2023/sen/yc24-0/YC24-0-441-12-eng.pdf